Normal view
MARC view
Entry Personal Name
001 - CONTROL NUMBER
- control field: 34690
003 - CONTROL NUMBER IDENTIFIER
- control field: OSt
005 - DATE AND TIME OF LATEST TRANSACTION
- control field: 20221226150407.0
008 - FIXED-LENGTH DATA ELEMENTS
- fixed length control field: 221226|| aca||aabn | a|a d
040 ## - CATALOGING SOURCE
- Original cataloging agency: OSt
- Transcribing agency: OSt
100 ## - HEADING--PERSONAL NAME
- Personal name: Sharmal, H.O. Niranja, H.K. and Bareliya, R.S.
670 ## - SOURCE DATA FOUND
- Source citation: Work cat.: (OSt)520656: Sharmal, H.O. Niranja, H.K. and Bareliya, R.S. , Agro-economic research strategies to bridge yield gap of major crops in Bundelkhand region of India
